UBT Library

Asperger syndrome : (Record no. 40739)

000 -LEADER
fixed length control field 00790cam a22002654a 4500
001 - CONTROL NUMBER
control field 14880717
005 - DATE AND TIME OF LATEST TRANSACTION
control field 20180123042334.0
008 - FIXED-LENGTH DATA ELEMENTS--GENERAL INFORMATION
fixed length control field 070605s2007 ctu b 001 0 eng
010 ## - LIBRARY OF CONGRESS CONTROL NUMBER
LC control number 2007023402
020 ## - INTERNATIONAL STANDARD BOOK NUMBER
International Standard Book Number 9780275991784 (alk. paper)
035 ## - SYSTEM CONTROL NUMBER
System control number (DNLM)101308516
040 ## - CATALOGING SOURCE
Original cataloging agency DNLM/DLC
Transcribing agency DLC
Modifying agency DLC
041 ## - LANGUAGE CODE
Language code of text/sound track or separate title eng
042 ## - AUTHENTICATION CODE
Authentication code pcc
060 10 - NATIONAL LIBRARY OF MEDICINE CALL NUMBER
Classification number 616.858
Item number L425a 2007
080 ## - UNIVERSAL DECIMAL CLASSIFICATION NUMBER
Universal Decimal Classification number 616.858
082 00 - DEWEY DECIMAL CLASSIFICATION NUMBER
Classification number 616.858 LAW
Edition number 22
100 1# - Rafti
Rafti 7
101 ## - Shkurtesa
Shkurtesa NEU
245 10 - TITLE STATEMENT
Title Asperger syndrome :
Statement of responsibility, etc Suzanne C. Lawton ; foreword by Judyth Reichenberg-Ullman.
504 ## - BIBLIOGRAPHY, ETC. NOTE
Bibliography, etc Includes bibliographical references (p. [175]) and index.
906 ## - LOCAL DATA ELEMENT F, LDF (RLIN)
a 7
b cbc
c orignew
d 1
e ecip
f 20
g y-gencatlg
942 ## - ADDED ENTRY ELEMENTS (KOHA)
Source of classification or shelving scheme
Item type Books
Holdings
Withdrawn status Lost status Source of classification or shelving scheme Damaged status Not for loan Collection code Permanent location Current location Shelving location Date acquired Total Checkouts Full call number Barcode Date last seen Price effective from Koha item type
          Koleksioni i përgjithshem UBT - Lipjan UBT - Lipjan Koleksioni i lëndeve mesimore 01/23/2018   616.858 LAW 002-2996288 01/23/2018 01/23/2018 Books
UBT Library © 2015-2024. All rights reserved University Education for Business and Technology